UBT Library

Environment and welfare : (Record no. 44546)

000 -LEADER
fixed length control field 00984cam a22002894a 4500
001 - CONTROL NUMBER
control field 12785439
005 - DATE AND TIME OF LATEST TRANSACTION
control field 20180309035913.0
008 - FIXED-LENGTH DATA ELEMENTS--GENERAL INFORMATION
fixed length control field 020522s2002 enka b 001 0 eng
010 ## - LIBRARY OF CONGRESS CONTROL NUMBER
LC control number 2002072310
015 ## - NATIONAL BIBLIOGRAPHY NUMBER
National bibliography number GBA2-76461
020 ## - INTERNATIONAL STANDARD BOOK NUMBER
International Standard Book Number 033391984X
020 ## - INTERNATIONAL STANDARD BOOK NUMBER
International Standard Book Number 9780333919842
035 ## - SYSTEM CONTROL NUMBER
System control number (OCoLC)49959313
Canceled/invalid control number (OCoLC)51032668
035 ## - SYSTEM CONTROL NUMBER
System control number (OCoLC)ocm49959313
040 ## - CATALOGING SOURCE
Original cataloging agency DLC
Transcribing agency DLC
Modifying agency YDX
-- PMC
-- PUL
-- UKM
-- BAKER
-- BTCTA
-- LVB
-- YDXCP
-- OCLCG
-- DLC
041 ## - LANGUAGE CODE
Language code of text/sound track or separate title eng
042 ## - AUTHENTICATION CODE
Authentication code pcc
080 ## - UNIVERSAL DECIMAL CLASSIFICATION NUMBER
Universal Decimal Classification number 361.61 FIT
082 00 - DEWEY DECIMAL CLASSIFICATION NUMBER
Classification number 361.61 FIT
Edition number 21
100 ## - Rafti
Rafti 50
101 ## - Shkurtesa
Shkurtesa SOC
245 00 - TITLE STATEMENT
Title Environment and welfare :
Statement of responsibility, etc edited by Tony Fitzpatrick and Michael Cahill.
504 ## - BIBLIOGRAPHY, ETC. NOTE
Bibliography, etc Includes bibliographical references (p. 211-224) and index.
906 ## - LOCAL DATA ELEMENT F, LDF (RLIN)
a 7
b cbc
c orignew
d 1
e ocip
f 20
g y-gencatlg
942 ## - ADDED ENTRY ELEMENTS (KOHA)
Source of classification or shelving scheme
Item type Books
Holdings
Withdrawn status Lost status Source of classification or shelving scheme Damaged status Not for loan Collection code Permanent location Current location Shelving location Date acquired Total Checkouts Full call number Barcode Date last seen Price effective from Koha item type
          Koleksioni i përgjithshem UBT - Lipjan UBT - Lipjan Koleksioni i përgjithshem 03/09/2018   361.61 FIT 002-3000883 03/09/2018 03/09/2018 Books
UBT Library © 2015-2024. All rights reserved University Education for Business and Technology